000 00618cam a22002411 4500
001 ne 63001437
003 DLC
005 20260227111748.0
008 890415s1962 xx 000 0 ara
010 _ane 63001437
035 _a(OCoLC)23485406
040 _aDLC
_cMiU
_dDLC
043 _af-ua---
050 0 0 _aHB851
_b.S3
100 1 _aSāʻātī, Ḥasan.
245 1 0 _aDirāsāt fī ʻilm al-sukkān.
260 _c[1962
300 _a13, 160 p.
_c24 cm.
500 _aRomanized.
650 0 _aPopulation
651 0 _aEgypt
_xStatistics, Vital.
700 1 _aLuṭfī, ʻAbd al-Ḥamīd,
_ejoint author.
999 _c46090
_d46090